Normal view
MARC view
- Shakespear, William , Thomas Middleton , Edited by DAWSON,ANTHONY B , GRETCHEN E, MINTON
Entry Personal Name
001 - CONTROL NUMBER
- control field: 2816
003 - CONTROL NUMBER IDENTIFIER
- control field: JO-AjAnu
005 - DATE AND TIME OF LATEST TRANSACTION
- control field: 20230606070750.0
008 - FIXED-LENGTH DATA ELEMENTS
- fixed length control field: 230606|| aca||aabn | a|a d
040 ## - CATALOGING SOURCE
- Original cataloging agency: JO-AjAnu
- Transcribing agency: JO-AjAnu
100 ## - HEADING--PERSONAL NAME
- Personal name: Shakespear, William , Thomas Middleton , Edited by DAWSON,ANTHONY B , GRETCHEN E, MINTON
670 ## - SOURCE DATA FOUND
- Source citation: Work cat.: (JO-AjAnu)1476: Shakespear, William , Thomas Middleton , Edited by DAWSON,ANTHONY B , GRETCHEN E, MINTON, author, TIMON OF ATHENS